| 000 | 00536nam a2200181Ia 4500 | ||
|---|---|---|---|
| 001 | 361 | ||
| 008 | 170130s1977 ii g b000 u asm u | ||
| 082 | _a492.3 | ||
| 100 |
_aShahabuddin, Mohd, _eAuthor. |
||
| 245 | 0 |
_aArabic Assamese and Assamese Arabic Dictionary / _cMohd. Shahabuddin. _hTextual Documents |
|
| 250 | _a1st ed. / | ||
| 260 |
_aShillong : _bBegum Jahanara Ahsan , _c1977. |
||
| 300 |
_a245p. ; _c19cm. |
||
| 653 | _aAssamese Language-Dictionary | ||
| 653 | _aArabic Dictionary | ||
| 653 | _aG-Languages | ||
| 942 |
_2ddc _cBK |
||
| 999 |
_c360 _d360 |
||